| 000 | 01714nam a2200313Ia 4500 | ||
|---|---|---|---|
| 003 | OSt | ||
| 005 | 20201027145829.0 | ||
| 008 | 191128s1967 mx ad gr 000 0 spa d | ||
| 040 |
_aCO-JMCR _cCO-JMCR |
||
| 041 | 1 |
_aspa _heng |
|
| 082 | 0 | 4 |
_a658.92 / _bA629m _223 |
| 100 | 1 |
_aAntill, James M., _eautor _912062 |
|
| 245 | 1 | 0 |
_aMétodo de la ruta critica y su aplicación a la construcción / _cJames M. Antill, Ronald W. Woohead ; traducción de Fernando L. Echeagaray Moreno ; Revisión de Dagoberto de la Serna Valdivia |
| 250 | _aPrimera edición | ||
| 260 |
_aMéxico : _bLimusa, _c1967. |
||
| 300 |
_a315 páginas : _bgráficos a blanco y negro ; _c23 cm. |
||
| 500 | _aIncluye datos biográficos de los autores, índice alfabético y notas a pie de páginas. | ||
| 504 | _a Bibliografía: página 305 | ||
| 505 | 0 | _aIntroducción al método de la ruta crítica -- Procedimientos y terminología del método de la ruta crítica -- Diagrama de flechas y datos de la relación costo-tiempo -- Cálculo de redes I: Rutas críticas y tiempos flotantes - Distrubución de los recursos | |
| 520 | 0 | _aEl método de la ruta crítica (CPM) es una técnica nueva y eficaz para la planeación y administración de todo tipo de proyectos. El método de la ruta crítica tuvo su origen a fiines de la década pasada. | |
| 534 | _pCritical path methods in construction practice | ||
| 546 | _aTraducido del iniglés | ||
| 650 | 2 | 4 |
_aAnálisis de ruta crítica _912063 |
| 650 | 2 | 4 |
_aIngeniería _xGestión _912064 |
| 700 | 1 |
_aWoohead, Ronald W., _eautor _912065 |
|
| 700 | 1 |
_aEcheagaray Moreno, Fernando L., _etraductor _912066 |
|
| 700 | 1 |
_aSerna Valdivia, Dagoberto de la, _drevisor _912067 |
|
| 942 |
_2ddc _cBK |
||
| 999 |
_c6116 _d6116 |
||